00776nam a22002057a 450000500170000001000150001702000260003203500140005803700090007208200130008110000250009424500760011926000340019527001060022930000210033550000210035694200240037799900190040195201500042020241212154515.0 aENG-143027 a9789380752655c895.00 aEN-126559 bDBAD00a305.421 aNiranjan Pani97510410aWomen in india grass under stone/cby Niranjan Pani [and] Prativa Panda aNew Delhi bKunal Booksc2012 a4648/21, First Floor, Ansari Road, DaryaganjbNew Delhi e110002k011-23275069mkunalbooks@gmail.com a293p.c22cm.(Hb) aIt include index 2ddccENh305.4mPAN c207656d207656 001040708NFICaAVbAVd2024-12-12eDelivery of Books Divisiong895.00l0o305.4 PANpEN-126559r2024-12-12 00:00:00t1v895.00w2024-12-12yEN